000 00534nam a22001811a 4500
001 19024
003 OSt
005 20260204212434.0
008 190123s2011||||dr ||||||b||||||||||spa||
020 _a9789945412567
082 _aRD 303.38 F363D
100 _aFernández, Leonel
245 _aEl delito de opinión pública:censura, ideología y libertad de expresión/ Leonel Fernández
264 _aSanto Domingo:Fundación Global Democracia y Desarrollo
300 _a299 p.
650 _aOpinión PúblicaÌ
942 _2ddc
_cBK
999 _c19024
_d19024